000 01040nam a22002057a 4500
003 OSt
005 20260122200318.0
008 230601b ||||| |||| 00| 0 eng d
040 _cSSBUL
041 _ashan
082 _223
_a294.34435
100 0 _aသုၶမ်း (တၢင်ႉယၢၼ်း)၊
_cၸဝ်ႈ။
_924927
245 1 0 _aတြႃးဝိပသ်သၼႃႇၵမ်ႇမထၢၼ်းလႄႈ ၵၢပ်ႈပၢၼ်ယၢမ်းလဵဝ် -
_bတြႃးၽႃႇဝၼႃႇ တႃႇႁွတ်ႈၼိပ်ႉပၢၼ်ႇ /
_cၸဝ်ႈသုၶမ်း(တၢင်ႉယၢၼ်း)၊ ၶူးဝႃးဝုၼ်းၸုမ်ႉ(မိူင်းၽူင်း)။
300 _a100 ၼႃႈ၊
_bပႃးၶႅပ်းႁၢင်ႈ၊
_c18 ၸိၼ်ႇတီႇ။
500 _aS-SAT: Dr. Prof Sai Aung Tun
650 _aလွင်ႈၼင်ႈၵၢၼ်တြႃး - ဝိပသ်ႉသၼႃႇ
_924928
942 _cBK
942 _2ddc
942 _2ddc
999 _c25043
_d25043